Logo BPK

Biblioteka

Politechniki Koszalińskiej

O pewnym zagadnieniu biparabolicznym typu Lauricelli / (Rekord nr 16154)

Szczegóły MARC
000 -ETYKIETA REKORDU
podpole kontrolne o stałej długości 00416nam a2200157 i 4500
001 - NUMER KONTROLNY REKORDU
pole kontrolne bg
040 ## - ŹRÓDŁO KATALOGOWANIA
Instytucja, która utworzyła rekord BPK
041 ## - KOD JĘZYKA
Kod języka tekstu pol
080 ## - UNIWERSALNA KLASYFIKACJA DZIESIĘTNA - UKD
UKD 517
008 - POLE O STAŁEJ DŁUGOŚCI - DANE KONTROLNE
podpole kontrolne o stałej długości s pl f |000 0 pol
100 1# - NAZWA OSOBOWA
Nazwa osobowa BARAŃSKI, Feliks
245 #0 - TYTUŁ/ODPOWIEDZIALNOŚĆ
Tytuł O pewnym zagadnieniu biparabolicznym typu Lauricelli /
Pozostałe elementy strefy tytułu i oznaczenia odpowiedzialności Feliks Barański, Eugeniusz Wachnicki.
260 ## - STREFA ADRESU WYDAWNICZEGO
Miejsce wydania Kraków,
Data publikacji, dystrybucji/powstania dokumentu 1974.
700 1# - HASŁO DODATKOWE - NAZWA OSOBOWA
Nazwa osobowa WACHNICKI, Eugeniusz
856 ## - LOKALIZACJA I DOSTĘP DO ELEKTRONICZNYCH DOKUMENTÓW ZDALNYCH
Link (URL) http://koha.tu.koszalin.pl/cgi-bin/koha/opac-detail.pl?biblionumber=16154
Tekst linku Katalog online BPK
942 ## - DODATKOWE ELEMENTY (KOHA)
Typ dokumentu Książka
Egzemplarze
Wycofany Status egzemplarza Uszkodzony Dostępność Lokalizacja stała Lokalizacja bieżąca Miejsce przechowywania Sygnatura Kod kreskowy Typ dokumentu
      Dostępny Biblioteka Politechniki Koszalińskiej Biblioteka Politechniki Koszalińskiej Wypożyczalnia BG 19690 01707106 Książka
© 2023 Biblioteka Politechniki Koszalińskiej :: KOHA